000 00637nam a22002057a 4500
999 _c8560
_d8560
003 AR-CdUCM
008 190325b ||||| |||| 00| 0 spa d
040 _aMUNICIPALIDAD PROVINCIAL DEL CUSCO
_cBIBLIOTECA MUNICIPAL DEL CUSCO
082 _22ed.
_a160 /
_bV63
100 _aVidal, Humberto
_923976
245 _aCurso de logica /
260 _aCusco :
_bUniversidad nacional del Cuzco,
_bH.G.Rozas,
_c1955.
300 _a202 páginas ;
_c18.5 cm.
500 _aDonacion familia Nieto.
650 _aLogica
_92358
650 _aEnseñanza
_91616
710 _aUniversidad nacional del Cuzco
_923977
942 _2ddc
_cLIBROS
945 _azta